Sheffield United Current Squad - Statistics

General Stats
  • This quiz has been taken 551 times
    158 since last reset
  • The average score is 13 of 35
Answer Stats
# Player % Correct
18 Wes Foderingham
76%
9 Oli McBurnie
73%
Manager Chris Wilder
63%
10 Cameron Archer
61%
11 Ben Brereton Díaz
53%
2 George Baldock
52%
15 Anel Ahmedhodžić
51%
20 Jayden Bogle
50%
1 Adam Davies
48%
13 Ivo Grbić
48%
22 Tom Davies
48%
21 Vinícius Souza
48%
28 James McAtee
47%
8 Gustavo Hamer
46%
12 John Egan
45%
5 Auston Trusty
43%
19 Jack Robinson
42%
16 Oliver Norwood
40%
6 Chris Basham
38%
7 Rhian Brewster
38%
32 William Osula
37%
3 Max Lowe
30%
4 John Fleck
27%
35 Andre Brooks
25%
23 Ben Osborn
25%
27 Yasser Larouci
24%
33 Rhys Norrington-Davies
23%
25 Anis Ben Slimane
21%
30 Oliver Arblaster
21%
36 Daniel Jebbison
18%
38 Femi Seriki
15%
17 Ismaila Coulibaly
11%
37 Jordan Amissah
10%
39 Sai Sachdev
5%
40 Jili Buyabu
4%
No matching quizzes found
Score Distribution
Percent of People with Each Score
Percentile by Number Answered
Your Score History
You have not taken this quiz since the last reset